Affichage normal Affichage MARC

Entrée Topical Term

Utilisée dans 0 notices

001 - CONTROL NUMBER

  • control field: 1

003 - CONTROL NUMBER IDENTIFIER

  • control field: OSt

005 - DATE AND TIME OF LATEST TRANSACTION

  • control field: 20200924061828.0

008 - FIXED-LENGTH DATA ELEMENTS

  • fixed length control field: 200924|| aca||babn | a|a d

040 ## - CATALOGING SOURCE

  • Original cataloging agency: OSt